[Event "DANMJ"]
[Site "?"]
[Date "1998.04.05"]
[Round "2"]
[White "Villmo, Harald"]
[Black "Hansen, Victor"]
[Result "0-1"]
[WhiteElo "1290"]
[BlackElo "1631"]
[PlyCount "46"]

1. e4 c6 2. d4 d5 3. e5 Bf5 4. Bd3 Bxd3 5. Qxd3 e6 6. Nf3 Nd7 7. Bf4 Qb6 8. b3
Ne7 9. O-O c5 10. c3 Nc6 11. Na3 $4 11... c4 12. Nxc4 dxc4 13. Qxc4 Be7 14. Be3
Qd8 15. Nd2 Nb6 16. Qd3 $2 16... Nxe5 17. Qb5+ Nc6 18. Qh5 Nd5 19. Ne4 Nf6 20.
Nxf6+ Bxf6 21. f4 Qa5 22. f5 exf5 23. Rxf5 Qxc3 0-1

[Event "DANMJ"]
[Site "?"]
[Date "1998.04.05"]
[Round "2"]
[White "Brakkan, Kolbjorn"]
[Black "Bjerke, Silje"]
[Result "1/2-1/2"]
[WhiteElo "1678"]
[BlackElo "1664"]
[PlyCount "33"]

1. d4 d5 2. Nf3 c6 3. e3 Nf6 4. Bd3 Bg4 5. Nbd2 e6 6. c3 Bd6 7. Qe2 Nbd7 8. e4
dxe4 9. Nxe4 Nxe4 10. Bxe4 Nf6 11. Bg5 h6 12. Bxf6 Qxf6 13. h3 Bh5 14. Qd3 Bxf3
15. Qxf3 Qxf3 16. Bxf3 O-O 17. O-O {Kanskje en litt daff sondagsremis....}
1/2-1/2

[Event "DANMJ"]
[Site "?"]
[Date "1998.04.05"]
[Round "2"]
[White "Bae, Torstein"]
[Black "Berg-Jensen, Joachim"]
[Result "1-0"]
[WhiteElo "2200"]
[BlackElo "1632"]
[PlyCount "35"]

1. d4 d5 2. c4 e6 3. Nc3 Nf6 4. cxd5 exd5 5. Bg5 Nbd7 6. e3 Be7 7. Bd3 O-O 8.
Nge2 8... b6 $2 (8... c6 {er hovedvarianten}) 9. Ng3 9... c5 {Litt lost} 10.
Nf5 $16 10... cxd4 11. exd4 Re8 12. O-O Bb7 13. Qf3 13... Qb8 $2 {
Et darlig trekk i en vanskelig stilling.} (13... Nf8 14. Bb5 N8d7 15. Bxf6 Bxf6
16. Nxd5 $18) 14. Bf4 Qd8 15. Nb5 Ne4 (15... Rf8 16. Bc7 Qe8 17. Nfd6 Bxd6 18.
Nxd6 Qe7 19. Nxb7 $18) 16. Nc7 Nd2 17. Qg3 g6 18. Bxd2 1-0

[Event "DANMJ"]
[Site "?"]
[Date "1998.04.05"]
[Round "2"]
[White "Trygstad, Kristian"]
[Black "Osttveit, Martin"]
[Result "0-1"]
[WhiteElo "2205"]
[BlackElo "1843"]
[PlyCount "41"]

1. e4 e5 2. Nc3 Nf6 3. Bc4 3... Nxe4 {
Dracula-Frankenstein varianten, for de som ikke vet det.} 4. Qh5 Nd6 5. Bb3 Nc6
6. Nb5 {Fikst!} 6... g6 7. Qf3 f5 8. Qd5 Qe7 9. Nxc7+ Kd8 10. Nxa8 b6 11. d3
Bb7 12. h4 f4 13. Qf3 Bh6 14. Qg4 (14. Qh3 {er alternativet}) 14... e4 $1 {
Svart legger opp til sitt sterke 18.trekk.} 15. Bxf4 exd3+ 16. Kf1 $2 (16. Kd1
{er bedre.}) 16... Bxf4 17. Qxf4 Rf8 18. Qg5 (18. Qh2 Qe3 19. g3 Ne4 20. Nh3
Nxg3+ 21. Kg2 Nd4+ 22. Kg1 Nde2#) 18... Rxf2+ {
Magnetoffer, folg med i neste sjakkblad, Kristian!} 19. Kxf2 Ne4+ 20. Kf1 Nxg5
21. hxg5 0-1

[Event "DANMJ"]
[Site "?"]
[Date "1998.04.05"]
[Round "2"]
[White "Pronstad, Tomas"]
[Black "Ytterborg, Jan Henrik"]
[Result "1-0"]
[WhiteElo "1366"]
[BlackElo "1276"]
[PlyCount "69"]

1. e4 e5 2. Nf3 Nf6 3. d3 Nc6 4. Bg5 Be7 5. Nc3 d6 6. h3 Be6 7. Qd2 h6 8. Be3
Qd7 9. Be2 d5 10. exd5 Nxd5 11. a3 Bd6 12. Nxd5 Bxd5 13. c4 Be6 14. Qc3 b6 15.
Rd1 Bf5 16. d4 exd4 17. Nxd4 Bg6 18. Bf3 Nxd4 19. Qxd4 Rd8 20. Qxg7 Ke7 21. Qc3
Qa4 22. Bd4 Rhe8 23. O-O Kf8 24. Bg7+ Kg8 25. Bxh6 Be5 26. Qc1 26... Bd3 $4 27.
Rxd3 Bf6 28. Rxd8 Rxd8 29. Bg5 Rd6 30. Bxf6 Rxf6 31. Qg5+ Rg6 32. Qd8+ Kg7 33.
Qxc7 Qb3 34. Bh5 Rg5 35. Qxf7+ {Svart skulle nok gatt til f6.} 1-0

[Event "DANMJ"]
[Site "?"]
[Date "1998.04.05"]
[Round "2"]
[White "Angeltveit, Vigleik"]
[Black "Gunnesdal, Lars"]
[Result "0-1"]
[WhiteElo "1642"]
[BlackElo "1715"]
[PlyCount "74"]

1. e4 c5 2. Nf3 Nc6 3. d4 cxd4 4. Nxd4 Nf6 5. Nc3 d6 6. Be3 g6 (6... Ng4 {
er en mulighet.} 7. Bg5 h6 8. Bh4 g5 9. Bg3 $13) 7. f3 Bg7 8. Qd2 O-O 9. Bc4
Bd7 10. O-O-O Qa5 11. g4 Ne5 12. Bb3 Rfc8 13. h4 b5 14. h5 Nc4 15. Bxc4 Rxc4
16. Kb1 Rac8 17. hxg6 fxg6 18. Qh2 Rxc3 19. bxc3 Qxc3 20. Rd3 Qa5 21. g5 Nh5
22. Nf5 Bxf5 23. exf5 Bc3 24. Kc1 Qxa2 25. Kd1 Qb1+ 26. Bc1 Be5 27. Qf2 Bf4 28.
Rd2 Bxd2 29. Qxd2 Ng3 30. fxg6 (30. Qd5+ Kf8) 30... Nxh1 31. Qd5+ Kh8 32. Qf5
Nf2+ 33. Kd2 Qb4+ 34. Ke2 Qc4+ 35. Ke1 Qc3+ 36. Kf1 Nd3 37. Bd2 Qxc2 0-1

[Event "DANMJ"]
[Site "?"]
[Date "1998.04.05"]
[Round "2"]
[White "Ferkingstad, Trond"]
[Black "Valeinis, Janis"]
[Result "0-1"]
[WhiteElo "1016"]
[BlackElo "2177"]
[PlyCount "50"]

1. e4 e5 2. Nf3 Nc6 3. Bc4 Nf6 4. d3 Bc5 5. Bg5 h6 6. Bh4 d6 7. Nbd2 a6 8. c3
Ba7 9. a4 g5 10. Bg3 Qe7 11. b4 Nd8 12. h3 Ne6 13. Nb3 Nh5 (13... Nf4 {
hvorfor ikke?}) 14. d4 Nef4 15. Bxf4 Nxf4 16. g3 $2 16... Nxh3 17. Qe2 g4 18.
Nh4 Ng5 19. Rd1 exd4 20. Nxd4 Qxe4 21. Qxe4+ Nxe4 22. Rd3 Bxd4 23. Rxd4 Ng5 24.
O-O O-O 25. Rf4 $4 {En effektig mate a gi opp en tapt stilling.} 25... Nh3+ 0-1

[Event "DANMJ"]
[Site "?"]
[Date "1998.04.05"]
[Round "2"]
[White "Heimreid, Ken-Ivar"]
[Black "Lie, Espen"]
[Result "1/2-1/2"]
[WhiteElo "1652"]
[BlackElo "1808"]
[PlyCount "50"]

1. e4 d5 2. exd5 Qxd5 3. Nc3 Qd8 4. Nf3 Nf6 5. Be2 c5 6. O-O Nc6 7. d3 e6 8.
Bg5 Be7 9. Qd2 O-O 10. Rad1 Nd4 11. Bxf6 Bxf6 12. b3 Nxe2+ 13. Nxe2 e5 14. Qe3
Qc7 15. Nc3 Bg4 16. Nd5 Qd6 17. c4 Kh8 18. Rfe1 Rg8 19. Qe4 Bh5 20. g4 Bg6 21.
Qe3 Qd7 22. h3 b6 23. Nxe5 Bxe5 24. Qxe5 Rge8 25. Qg3 25... f6 {Er det ratingen
eller tida som gjor dette? Helpoenget er jo absolutt innen rekkevidde for hvit.
} 1/2-1/2

[Event "DANMJ"]
[Site "?"]
[Date "1998.04.05"]
[Round "2"]
[White "Johannessen, Leif E."]
[Black "Ferkingstad, Sjur"]
[Result "1-0"]
[WhiteElo "2290"]
[BlackElo "1897"]
[PlyCount "57"]

1. d4 d5 2. c4 e6 3. Nc3 Nf6 4. cxd5 exd5 5. Bg5 c6 6. e3 Nbd7 7. Bd3 7... Bb4
$6 {Litt uortodokst.} 8. Nge2 Nf8 9. Qc2 Ne6 10. Bh4 h6 11. O-O 11... Bd6 {
Etter dette blir 7... Lb4 et rent tempotap.} 12. f3 12... g5 $2 {Hvor har den
svarte monarken tenkt seg hen etter dette? Men svart star darlig, etter a ha
slost med trekk i apningen.} 13. Bg3 h5 14. Rad1 14... g4 $2 15. Bh4 {
Na er svart helt kake (sitat Torstein)} 15... Be7 {
en-to-tre, trekk har denne loperen gjort, hver gang med liten effekt.} 16. f4
16... g3 $6 17. Nxg3 Ng4 18. Bxe7 Qxe7 19. Nf5 Qf6 20. h3 20... Nh6 {
Hvor ble det av "kompet" for bonden.} 21. Nd6+ Ke7 22. Nxc8+ Raxc8 23. Qb3 Nf5
24. Bxf5 Qxf5 25. Qxb7+ Rc7 26. Qb4+ Kd7 27. e4 dxe4 28. d5 Nxf4 29. d6 {
og svarte tapte pa tid i en haplos stilling.
} 1-0

[Event "DANMJ"]
[Site "?"]
[Date "1998.04.05"]
[Round "2"]
[White "Olsen, Anders"]
[Black "Mellem, Nikolas A."]
[Result "1/2-1/2"]
[WhiteElo "1764"]
[BlackElo "1648"]
[PlyCount "66"]

1. d4 g6 2. c4 Bg7 3. Nf3 Nf6 4. g3 O-O 5. Bg2 d6 6. O-O Nbd7 7. Nc3 e5 8. d5
a5 9. e4 Nc5 10. Qc2 Ne8 11. Be3 b6 12. a3 f5 13. b4 Nxe4 14. Nxe4 fxe4 15. Nd2
Nf6 16. Bg5 (16. Nxe4) 16... Qe8 17. Bxf6 Bxf6 18. Nxe4 Bf5 19. Nxf6+ $2 {
Denne loperen var ikke akkurat i Rodal-form pa f6. 19.c5 var mer logisk.} 19...
Rxf6 20. Qe2 Qa4 21. b5 $2 (21. Qb2) 21... Qc2 22. Qxc2 Bxc2 23. Rac1 Bd3 24.
Rfd1 Be2 25. Re1 25... Bf3 $6 {Svart har ikke helt skjont sin egen fordel.} 26.
Bxf3 Rxf3 27. Re3 Raf8 28. Rf1 Kg7 29. Kg2 Rxe3 30. fxe3 Rxf1 31. Kxf1 Kf6 32.
Kf2 Kf5 33. Kf3 h5 1/2-1/2

[Event "DANMJ"]
[Site "?"]
[Date "1998.04.05"]
[Round "2"]
[White "Hansen, Torbjorn R."]
[Black "Leer-Salvesen, Bjarte"]
[Result "1/2-1/2"]
[WhiteElo "2065"]
[BlackElo "2235"]
[PlyCount "50"]

1. c4 e6 2. g3 d5 3. Bg2 Nf6 4. Nf3 c5 5. cxd5 Nxd5 6. O-O Nc6 7. Nc3 Nxc3 8.
bxc3 Be7 9. d4 O-O 10. Bb2 10... Bf6 $6 11. Ba3 Be7 12. e4 cxd4 13. Bxe7 Qxe7
14. cxd4 Rd8 15. Qa4 Bd7 16. Rfd1 {
Hvit tilbyr remis, selv om han har en orliten fordel.} 16... e5 17. dxe5 Nxe5
18. Qa5 Nxf3+ 19. Bxf3 Bc6 20. Bg2 b6 21. Qc3 Bb7 22. e5 Rac8 23. Rxd8+ Qxd8
24. Qb3 Bxg2 25. Kxg2 Qd7 1/2-1/2

[Event "DANMJ"]
[Site "?"]
[Date "1998.04.05"]
[Round "2"]
[White "Borchgrevink, Harald"]
[Black "Almstrom, Martin"]
[Result "1/2-1/2"]
[WhiteElo "1848"]
[BlackElo "2195"]
[PlyCount "52"]

1. d4 Nf6 2. c4 e6 3. Nf3 d5 4. Nc3 Be7 5. Bg5 h6 6. Bh4 O-O 7. e3 b6 8. Bd3
Bb7 9. O-O Nbd7 10. Re1 c5 11. cxd5 exd5 12. Rc1 a6 13. Bf5 c4 14. a4 g6 15.
Bc2 Ne4 16. Bxe7 Qxe7 17. Nd2 f5 18. f3 Nxc3 19. bxc3 Nf6 20. Rb1 Nd7 21. e4
fxe4 22. fxe4 Qg5 23. Nf3 Qg4 24. e5 Rae8 25. h3 Qe6 26. Rf1 Rf4 1/2-1/2

[Event "DANMJ"]
[Site "?"]
[Date "1998.04.05"]
[Round "2"]
[White "Lie, Ole A."]
[Black "Svendsen, Bertil"]
[Result "1/2-1/2"]
[WhiteElo "1637"]
[BlackElo "1696"]
[PlyCount "81"]

1. d4 Nf6 2. c4 g6 3. Nc3 Bg7 4. e4 d6 5. Nf3 O-O 6. Be2 e5 7. O-O Nc6 8. d5
Ne7 9. Be3 h6 10. Ne1 Ne8 11. f3 f5 12. c5 f4 13. Bf2 g5 14. cxd6 cxd6 15. Rc1
Rf7 16. Bb5 Nf6 17. Be2 Ng6 18. Nb5 a6 19. Nc3 h5 20. Na4 b5 21. Nb6 Rb8 22.
Nxc8 Rxc8 23. Nc2 g4 24. Nb4 Rxc1 25. Qxc1 25... g3 $6 {
Kanskje det gikk an a forberede dette bruddet litt.} 26. hxg3 fxg3 27. Bxg3 h4
28. Nc6 Qf8 29. Qg5 Kh7 30. Bf2 Bh6 31. Qf5 Nxd5 32. Qg4 Ndf4 33. Re1 Nxe2+ 34.
Rxe2 h3 35. Be3 hxg2 36. Bxh6 Qxh6 37. Rxg2 {Ole var som vanlig hissig pa
remis, na tilbod ha for tredje gang! Men Bertil ville gjore det pa en annen
mate.} 37... Rg7 38. Qf5 Qc1+ 39. Kh2 Qh6+ 40. Kg1 Qc1+ 41. Kh2 1/2-1/2

[Event "DANMJ"]
[Site "?"]
[Date "1998.04.05"]
[Round "2"]
[White "Ballo, Emanuel"]
[Black "Sagafos, Magne"]
[Result "0-1"]
[WhiteElo "2200"]
[BlackElo "1819"]
[PlyCount "91"]

1. d4 Nf6 2. c4 g6 3. Nc3 Bg7 4. e4 d6 5. f3 O-O 6. Be3 e5 7. Nge2 Nc6 8. d5
Ne7 9. Qd2 Re8 10. g4 a6 11. Nc1 {
Hvits alternativ var 11.Sg3, men dette er ogsa tjukk teori.} 11... c5 12. dxc6
$6 {Virker litt rart a odelegge bondestrukturen slik.} 12... bxc6 13. Nb3 d5
14. g5 d4 15. gxf6 Bxf6 16. O-O-O Qc7 17. Nxd4 exd4 18. Bxd4 Bxd4 19. Qxd4 Qf4+
20. Kb1 Qxf3 21. Be2 21... Qh3 {Den verste taktikken har lagt seg, og det har
blitt en uklar midtspillstilling. Hvit er sterk pa de svarte feltene, ettersom
Lg7 er borte.} 22. Na4 Nf5 23. Qc3 Ne3 24. Rd4 Qg2 25. Re1 Qf2 26. Bf3 $2 {
Ved hjelp av en rekke trusler har svart forvirret hvit sapass mye at han
bukker kvalitet.} 26... Nc2 27. Qxc2 Qxe1+ 28. Rd1 Qe3 29. Qd3 Qxd3+ 30. Rxd3
Be6 31. c5 Rad8 32. Rd6 Rxd6 33. cxd6 Rd8 34. e5 f6 35. Nc5 Bf5+ 36. Kc1 fxe5
37. Nb7 Rb8 38. Nc5 (38. Bxc6 Rc8) 38... e4 39. Bxe4 Bxe4 40. Nxe4 Kf7 41. Ng5+
Kf6 42. Nxh7+ Ke6 43. Ng5+ Kxd6 44. Kc2 Ke7 45. Kc3 Rh8 46. Ne4 {
samtidig ga han opp.} 0-1

[Event "DANMJ"]
[Site "?"]
[Date "1998.04.05"]
[Round "2"]
[White "Hjort, Jens L."]
[Black "Ovnerud, Thomas"]
[Result "1-0"]
[WhiteElo "1991"]
[BlackElo "1815"]
[PlyCount "93"]

1. e4 g6 2. d4 Bg7 3. Nc3 d6 4. Bc4 Nf6 5. Qe2 e5 6. dxe5 dxe5 7. Nf3 Qe7 8.
Bg5 c6 9. Rd1 a5 10. O-O h6 11. Bh4 O-O 12. a4 g5 13. Bg3 Nh5 14. Rd2 Nf4 15.
Bxf4 exf4 16. Rfd1 {Det er tydelig at hvit satser i sentrum, nar svart
angriper pa kongefloyen. Akkurat som Nimzowitch sa...} 16... Bg4 17. h3 Bh5 18.
g4 {Men na bryter han tvert med dette. Kanksje er det fordi svart har angrepet
litt for hardt?} 18... fxg3 19. fxg3 Bxf3 20. Qxf3 20... Qc5+ {
Nei, det straffet seg for hvit a endre planer.} 21. Kh2 Qxc4 22. Rd6 Na6 (22...
Qc5 {gjor det verre for hvit a utvikle seg ved hjelp av trusler.}) 23. e5 Nc5 (
23... Nc7 {Med tanke pa hva som kommer, er dette en forbedring.}) 24. R1d4 Qa6
25. Nd5 Ne6 26. Rd3 Bxe5 (26... Rad8 $4 27. Ne7+) 27. Nf6+ Kg7 28. Rxe6 $1
28... Qxd3 $4 (28... fxe6 29. Rd7+ Kg6 30. Qh5+ Kf5 31. Qf3+ $11) 29. Nh5+ Kg8
30. Qxd3 fxe6 31. Qg6+ Kh8 32. Qxh6+ Kg8 33. Qxe6+ Rf7 34. Qxe5 {Dermed er det
plutselig hvit som har den materielle fordelen, bare tidsnoden star igjen.}
34... Raf8 35. Qxg5+ Kh7 36. Nf4 Rf5 37. Qg6+ Kh8 38. h4 R8f6 39. Qe8+ Kh7 40.
Kh3 {Na er den ogsa overstatt, og stillingen er helt klart vunnet for hvit.}
40... Rf7 41. Ne6 Kh6 42. Ng5 Rf8 43. Qe7 Kg6 44. g4 Rf1 45. h5+ Kh6 46. Kh4
Rh1+ 47. Nh3 1-0

[Event "DANMJ"]
[Site "?"]
[Date "1998.04.05"]
[Round "2"]
[White "Lie, Kjetil A"]
[Black "Lehiste, Margus"]
[Result "1-0"]
[WhiteElo "2210"]
[BlackElo "2096"]
[PlyCount "65"]

1. e4 e5 2. Nf3 Nf6 3. d4 Nxe4 4. Bd3 Nc6 5. dxe5 d5 6. Bf4 Nc5 7. c3 Nxd3+ 8.
Qxd3 Be7 9. Nbd2 Be6 10. Nf1 Qd7 11. Ne3 O-O-O 12. Nd4 Nxd4 13. cxd4 Kb8 14.
O-O h5 15. h3 15... g5 {svart virker a ha kommet best i gang med angrepet.} 16.
Bh2 g4 17. f4 gxf3 18. Rxf3 Rdg8 19. Kh1 Rg6 20. Raf1 Rhg8 21. R1f2 Ka8 22. Qc2
Rc8 23. Rxf7 {Et langsiktig kvalitetsoffer, som bl.a. gjor at e-bonden er i
ferd med a bli farlig.} 23... Bxf7 24. Rxf7 Rgg8 25. Qh7 Rh8 26. Qg7 Rhg8 27.
Qf6 Bxf6 28. Rxd7 {Etter denne forserte sekvensen, er det c7 som er hvits
viktigste angrepsmal. Med trusselen fra loperen pa h2 som en altoverliggende
skygge, finner estlenderen det best a bytte av et tarn.} 28... Bh4 29. Nxd5
Rgd8 30. e6 Rxd7 31. exd7 Rf8 32. Nxc7+ Kb8 33. Ne6+ {svart tapte pa tid, i
tapt stilling, e-bonden viste seg a vare ganske avgjorende.} 1-0

[Event "DANMJ"]
[Site "?"]
[Date "1998.04.05"]
[Round "2"]
[White "Jensen, Bjarke"]
[Black "Kimari, Patrick"]
[Result "1-0"]
[WhiteElo "2110"]
[BlackElo "2150"]
[PlyCount "71"]

1. e4 g6 2. d4 Bg7 3. Nc3 c6 4. Nf3 d5 5. Bf4 dxe4 6. Nxe4 Qa5+ 7. Bd2 Qc7 8.
Bc4 Nh6 9. O-O O-O 10. h3 Nd7 11. Re1 Nb6 12. Bb3 Nf5 13. c3 Bd7 14. Qc1 Nd5
15. c4 Nf6 16. Bf4 Qc8 17. Ng3 Nxg3 18. Bxg3 Re8 19. Be5 Bf5 20. Qe3 b6 21.
Rad1 Qb7 22. d5 {Vanligvis skaffer man seg ikke en isolert bonde frivillig,
men her gir det masse spill til hvit.} 22... cxd5 23. cxd5 Rad8 24. Nd4 Bd7 25.
Qf3 Rc8 26. Nc6 Bxc6 27. dxc6 Qa6 28. g4 h6 29. h4 Kh7 30. Bxf7 Rf8 31. Be6
Rce8 32. Qd3 Qa4 33. h5 Qxc6 34. Qxg6+ Kh8 35. Bf5 Qf3 36. Bxf6 1-0

[Event "DANMJ"]
[Site "?"]
[Date "1998.04.05"]
[Round "2"]
[White "Nilsen, Ole Tommy"]
[Black "Breivik, Tallak H."]
[Result "0-1"]
[WhiteElo "1415"]
[BlackElo "1516"]
[PlyCount "70"]

1. d4 Nf6 2. Nf3 d5 3. Bf4 e6 4. e3 c5 5. c3 b6 6. Nbd2 Be7 7. Bd3 Bb7 8. Rc1
Nbd7 9. h3 cxd4 10. exd4 10... Qc8 $2 11. c4 dxc4 12. Rxc4 Qd8 13. Bc7 Qc8 14.
Bxb6 Qb8 15. Bc7 Qc8 16. Ba5 Qb8 17. Rc3 Bd5 18. Qc2 O-O 19. O-O Qf4 20. Bc7 {
er det noen som har tellingen pa hvor mange ganger denne har statt her?} 20...
Qh6 21. a3 Nh5 22. Be4 Nf4 23. Re1 f5 24. Bxd5 Nxd5 25. Rc6 Rf6 26. Bg3 Rg6 27.
Rc8+ Rxc8 28. Qxc8+ Nf8 29. Nc4 $4 29... f4 30. Bh2 Qxh3 31. g3 fxg3 32. fxg3
32... Rxg3+ $1 {Dermed er det plutselig svart som far aren av a avslutte
partiet til sin fordel.} 33. Bxg3 Qxg3+ 34. Kf1 Qxf3+ 35. Kg1 Nf4 0-1

[Event "DANMJ"]
[Site "?"]
[Date "1998.04.05"]
[Round "2"]
[White "Vagle, Raymond"]
[Black "Teigum, Amund"]
[Result "1-0"]
[WhiteElo "1536"]
[BlackElo "1016"]
[PlyCount "99"]

1. d4 d5 2. Bg5 Nf6 3. Bxf6 gxf6 4. e3 e5 5. Ne2 Bd6 6. Ng3 Be6 7. Nd2 Nd7 8.
c4 c6 9. Qc2 e4 10. O-O-O f5 11. f4 Rc8 12. Nh5 Rg8 13. c5 Be7 14. Rg1 b6 15.
Nb3 a5 16. a4 Rg6 17. Be2 Qc7 18. Rdf1 Qa7 19. cxb6 Qxb6 20. g4 Kf8 21. gxf5
Bxf5 22. Ng3 Bg4 23. f5 Bxe2 24. fxg6 Bxf1 25. gxh7 Bf6 26. Nxf1 {Hvits vandrin
g med g-bonden har vart suksessfull, den har rasket med seg en bonde i
materiell overvekt.} 26... Ke7 27. Rg8 Qb8 28. Qg2 28... c5 {
Endelig kom c5-bruddet, men na er det litt for sent.} 29. Kb1 Nf8 30. Nxc5 Nxh7
31. Rxc8 Qxc8 32. Ng3 Ng5 33. Nh5 Nf3 34. Nf4 Qc6 35. h3 Qd6 36. Qc2 (36. Qg4
$5) 36... Nxd4 37. Qc1 37... Be5 $2 (37... Nf5) 38. Nb7 Qd7 39. Qc5+ Ke8 40.
Nxa5 Bxf4 41. Qxd4 41... Bh2 {
Denne loperen er egentlig ganske inaktiv, som partiet vil vise.} 42. h4 42...
f6 $2 {Dette trekket taper mer enn det vinner.} 43. Qxf6 Qxa4 44. Qe6+ Kf8 45.
Qxd5 Bg1 46. Nc4 Bh2 47. h5 Bg3 48. h6 Bh4 49. Ne5 Ke8 50. b3 1-0

[Event "DANMJ"]
[Site "?"]
[Date "1998.04.05"]
[Round "2"]
[White "Johansen, Terje"]
[Black "Ekeberg, Carl Fr."]
[Result "1-0"]
[WhiteElo "2260"]
[BlackElo "1627"]
[PlyCount "105"]

1. d4 Nf6 2. c4 g6 3. Nc3 Bg7 4. e4 d6 5. Nf3 O-O 6. Be2 e5 7. O-O Nc6 8. d5
Ne7 9. Ne1 Ne8 10. Be3 f5 11. f3 f4 12. Bf2 g5 13. c5 h5 14. cxd6 cxd6 15. Rc1
Bd7 16. Bb5 Bxb5 17. Nxb5 a6 18. Nc3 b5 19. Nd3 Nf6 20. Nb4 Qe8 21. Nc6 Nc8 (
21... Rc8 $5 22. Nxe7+ 22... Qxe7 $13) 22. a4 bxa4 23. Nxa4 Nd7 24. Qb3 Rf7 25.
Rc4 Bf6 26. Rfc1 Rg7 27. Kh1 g4 28. Bg1 Kh7 29. Qc2 gxf3 30. gxf3 Qg6 31. Qe2
Ne7 32. Nxe7 Bxe7 33. R4c2 Rag8 34. Ba7 h4 35. Qf2 Qh5 36. Qf1 h3 37. Rc8 Bd8
38. Nc3 38... Rg3 $2 (38... Nb6 39. Bxb6 Bxb6 40. Rxg8 Rxg8 41. Qd3 41... Rg2
$15) 39. Rxd8 Rxd8 40. hxg3 fxg3 41. Qe2 Nc5 42. Rg1 Rg8 (42... Qh4 {
er kanskje et bedre forsok.}) 43. Bxc5 dxc5 44. Qe3 g2+ 45. Kh2 Rf8 46. Ne2
Rxf3 47. Qxc5 Rd3 48. Qa7+ Kh8 49. Qb8+ Kh7 50. Qb7+ Kh8 51. Rc1 g1=Q+ 52. Nxg1
Rd2+ 53. Kh1 1-0

[Event "DANMJ"]
[Site "?"]
[Date "1998.04.05"]
[Round "3"]
[White "Breivik, Tallak H"]
[Black "Valeinis, Janis"]
[Result "0-1"]
[WhiteElo "1516"]
[BlackElo "2177"]
[PlyCount "20"]

{Rundens korteste:} 1. e4 1... e5 2. Nf3 Nc6 3. Bc4 Nf6 4. d4 exd4 5. O-O Nxe4
6. Re1 d5 7. Bxd5 Qxd5 8. Nc3 Qa5 9. Nxe4 Be6 10. Nxd4 10... Nxd4 {
Nammen, jeg kunne jo ikke ta hesten jo!} 0-1

[Event "DANMJ"]
[Site "?"]
[Date "1998.04.05"]
[Round "3"]
[White "Osttveit, Martin"]
[Black "Lie, Kjetil A"]
[Result "0-1"]
[WhiteElo "1843"]
[BlackElo "2210"]
[PlyCount "64"]

1. e4 c5 2. Nf3 d6 3. d4 cxd4 4. Nxd4 Nf6 5. Nc3 g6 6. Be3 Bg7 7. f3 O-O 8. Qd2
Nc6 9. O-O-O 9... Nxd4 $6 {Dette trekket er ifolge Martin tvilsomt, da hvit
etterhvert vil fa et bedre sluttspill.} (9... d5 {
er en bedre og skarpere fortsettelse.}) 10. Bxd4 Be6 11. Kb1 Qc7 (11... Qa5 $2
12. Nd5 Qxd2 13. Nxe7+ Kh8 14. Rxd2 $18) 12. h4 Rfc8 13. h5 Qa5 14. hxg6 fxg6
15. Bxf6 $2 {Martin glemmer a legge inn a3, som vil fore til et fordelaktig
sluttspill for hvit etter} (15. a3 Rab8 16. Bxf6 Bxf6 17. Nd5 $1 17... Qxd2 18.
Nxf6+ exf6 19. Rxd2) 15... Rxc3 $1 {
Uten dette vil svart fa problemer, siden Sd5 fortsatt kommer.} 16. Qxc3 Qxa2+
17. Kc1 Bxf6 18. Qa3 Bg5+ 19. Rd2 Qxa3 20. bxa3 Rc8 21. g3 Be3 22. Kd1 Bxd2 23.
Kxd2 Rc5 24. Bd3 24... Bc4 {Kjetil og Martin er begge lidenskapelige
Dragen-fans, sa partiet har foregatt i  rasende fart hittil. Men Kjetil har en
bonde...} 25. Bxc4+ Rxc4 26. Rb1 b6 27. Kd3 Rc5 28. f4 Ra5 29. Rb3 Kf7 30. Rc3
h5 31. Kd4 Kf6 32. Ke3 $2 {32.Kd3 matte proves, men det blir svart vanskelig
nar svart far c-linja, og bondene begynner a rulle.} 32... Rc5 0-1

[Event "DANMJ"]
[Site "?"]
[Date "1998.04.05"]
[Round "3"]
[White "Svendsen, Bertil"]
[Black "Johansen, Terje"]
[Result "0-1"]
[WhiteElo "1696"]
[BlackElo "2260"]
[PlyCount "44"]

1. d4 d5 2. Bg5 c6 3. e3 h6 4. Bh4 Qb6 5. Qc1 e5 6. Nf3 e4 7. Nfd2 Ne7 8. Bg3
Na6 9. Nb3 Nf5 10. N1d2 Be7 11. Be2 h5 12. h4 Nxg3 13. fxg3 Qc7 14. Nf1 Bd6 15.
Kf2 Rh6 16. g4 Rf6+ 17. Kg1 Bg3 18. Nxg3 Qxg3 19. Bxa6 Qf2+ 20. Kh2 Qxh4+ 21.
Kg1 Qf2+ 22. Kh2 hxg4 0-1

[Event "DANMJ"]
[Site "?"]
[Date "1998.04.05"]
[Round "3"]
[White "Ekeberg, Carl Fr."]
[Black "Lie, Ole A."]
[Result "0-1"]
[WhiteElo "1627"]
[BlackElo "1637"]
[PlyCount "56"]

1. e4 g6 2. d4 Bg7 3. c4 d6 4. Nc3 Nf6 5. Be2 O-O 6. Nf3 e5 7. O-O Nc6 8. d5
Ne7 9. Ne1 Ne8 10. Be3 f5 11. f3 f4 12. Bf2 g5 13. c5 h5 14. cxd6 cxd6 15. Rc1
Ng6 16. Qc2 Rf7 17. Nd3 g4 18. Nb4 g3 19. hxg3 fxg3 20. Bxg3 (20. Be1 20... h4
$16 (20... Qb6+ 21. Kh1 Qxb4 22. Na4 Qd4 23. Bb5 Nc7 24. Bc3 Qe3 25. Bd2 Qd4
26. Bc3 $11)) 20... Qb6+ 21. Bf2 Qxb4 22. Nb5 a6 23. Nc3 Bd7 24. a3 Qa5 25. Qb3
b5 26. Rc2 Nf4 27. Rfc1 Nxe2+ 28. Rxe2 Bh6 0-1

[Event "DANMJ"]
[Site "?"]
[Date "1998.04.05"]
[Round "3"]
[White "Ferkingstad, Trond"]
[Black "Angeltveit, Vigleik"]
[Result "0-1"]
[WhiteElo "1016"]
[BlackElo "1642"]
[PlyCount "66"]

1. e4 c5 2. Nf3 d6 3. Bc4 Nf6 4. Nc3 Nc6 5. d3 Bg4 6. h3 Bh5 7. Be3 e6 8. Bb5
Be7 9. g4 Bg6 10. e5 Nd5 11. Nxd5 exd5 12. Qd2 Qb6 13. Bxc6+ Qxc6 14. Qe2 O-O-O
15. O-O-O Rhe8 16. Bf4 $2 {
Ikke bare bukker dette bonde, men kongestillingen blir helt odelagt.} 16... Qa4
17. Qd2 Qxa2 18. Qc3 d4 19. Qa3 Qxa3 20. bxa3 dxe5 21. Nxe5 Bd6 22. Nxg6 hxg6
23. Bxd6 Rxd6 24. Rde1 Rxe1+ 25. Rxe1 Re6 26. Rxe6 26... fxe6 {Det er ikke bra
a bytte av til bondesluttspill nar motstanderen har bondemajoritet pa den ene
floyen.} 27. Kd2 Kd7 28. c4 dxc3+ 29. Kxc3 g5 30. a4 Kc6 31. Kc4 b6 32. f3 a6
33. a5 bxa5 0-1